জার্মান শ্রেষ্ঠ কবিতা / (Record no. 3431)
[ view plain ]
| 000 -LEADER | |
|---|---|
| fixed length control field | 00683nam a2200217 a 4500 |
| 001 - CONTROL NUMBER | |
| JCCL Control Number | 3431 |
| 003 - CONTROL NUMBER IDENTIFIER | |
| JCCL marc code | BD-JhCC |
| 005 - DATE AND TIME OF LATEST TRANSACTION | |
| control field | 20171129130137.0 |
| 008 - FIXED-LENGTH DATA ELEMENTS--GENERAL INFORMATION | |
| fixed length control field | 171113s1372 bg |||| ||a| 00| 0 en d |
| 035 ## - SYSTEM CONTROL NUMBER | |
| system control number | (BD-JhCC)3431 |
| 040 ## - CATALOGING SOURCE | |
| Original cataloging agency | BD-JhCC |
| Modifying agency | BD-JhCC |
| 041 ## - LANGUAGE CODE | |
| Language code of Book | ben |
| 082 ## - DEWEY DECIMAL CLASSIFICATION NUMBER | |
| Classification number | 830.9358 |
| Author mark and Year | JAR 1372 |
| 245 ## - TITLE STATEMENT | |
| Title | জার্মান শ্রেষ্ঠ কবিতা / |
| Statement of responsibility, etc | এফ. জে. পাওলিক...[ et. all. ]. |
| 260 ## - PUBLICATION, DISTRIBUTION, ETC. (IMPRINT) | |
| Place of publication, distribution, etc | কোলকাতা : |
| Name of publisher, distributor, etc | দীপায়ন প্রকাশ ভবন, |
| Date of publication, distribution, etc | 1372. |
| 300 ## - PHYSICAL DESCRIPTION | |
| Pagination | 131 p. : |
| Dimensions | 23 cm. |
| 650 ## - SUBJECT ADDED ENTRY--TOPICAL TERM | |
| Topical term or geographic name as entry element | German Poetry |
| 700 ## - ADDED ENTRY--PERSONAL NAME | |
| Personal name | পাওলিক, এফ. জে. |
| 942 ## - ADDED ENTRY ELEMENTS (KOHA) | |
| Source of classification or shelving scheme | Dewey Decimal Classification |
| Koha item type | Books |
| Source of classification or shelving scheme | Damaged status | Not for loan | Home library | Current library | Shelving location | Date of accession | Cost, normal purchase price | Total Checkouts | Full call number | Barcode | Date last seen | Copy number | Koha item type |
|---|---|---|---|---|---|---|---|---|---|---|---|---|---|
| Dewey Decimal Classification | JCC Rouf Library | JCC Rouf Library | General Stacks | 11/13/2017 | 10.00 | 830.9358 JAR 1372 | 5220 | 11/13/2017 | C-1 | Books |